JR Saikyo Line and Rinkai Line Stations, Tokyo, Japan - Statistics

General Stats
  • This quiz has been taken 189 times
  • The average score is 17 of 26
Answer Stats
Station No. Station % Correct
JA 11 Shinjuku
97%
JA 10 Shibuya
95%
JA 26 Omiya
94%
JA 15 Akabane
92%
JA 12 Ikebukuro
92%
JA 09 Ebisu
88%
R/JA 08 Osaki
88%
R 01 Shin Kiba
79%
JA 13 Itabashi
71%
JA 14 Jujo
71%
R 04 Tokyo Teleport
66%
JA 19 Toda
63%
JA 16 Kita Akabane
62%
JA 21 Musashi Urawa
62%
R 07 Oimachi
61%
JA 18 Toda Koen
58%
R 06 Shinagawa Seaside
52%
JA 25 Kita Yono
50%
JA 20 Kita Toda
49%
JA 23 Minami Yono
48%
R 05 Tennozu Isle
48%
R 03 Kokusai Tenjijo
47%
R 02 Shinonome
47%
JA 17 Ukima Funado
46%
JA 22 Naka Urawa
44%
JA 24 Yono Hommachi
43%
No matching quizzes found
Score Distribution
Percent of People with Each Score
Percentile by Number Answered
Your Score History
You have not taken this quiz